|
|
|
|
| LEADER |
01640nam a2200325 u 4500 |
| 001 |
10024525 |
| 003 |
upatras |
| 005 |
20210117205849.0 |
| 008 |
950510s1986 ge eng |
| 020 |
|
|
|a 3540133232
|q (Χαρτόδετο)
|
| 040 |
|
|
|a GR-PaULI
|c GR-PaULI
|
| 041 |
0 |
|
|a eng
|
| 082 |
0 |
4 |
|a 003
|
| 100 |
1 |
|
|a Νικολής, Ιωάννης Σ.
|4 aut
|9 35973
|
| 245 |
1 |
0 |
|a Dynamics of hierarchical systems
|b an evolutionary approach
|c J. S. Nicolis
|
| 260 |
|
|
|a Berlin
|b Springer Verlag
|c 1986
|
| 300 |
|
|
|a xv, 397 p.
|b fig.
|
| 490 |
0 |
|
|a Springer series in synergetics
|v 25
|
| 504 |
|
|
|a Includes bibliographical references and index
|
| 650 |
|
4 |
|a Δυναμικά συστήματα
|9 394
|
| 650 |
|
4 |
|9 2083
|a Χαοτική συμπεριφορά συστημάτων
|
| 760 |
1 |
|
|a Springer series in synergetics
|g 25
|
| 852 |
|
|
|a GR-PaULI
|b ΠΑΤΡΑ
|b ΒΚΠ
|b ΒΣ1
|k ΑΣΧΞ
|h 003 NIC
|m 10249
|p 025000001271
|t 2
|
| 852 |
|
|
|a GR-PaULI
|b ΠΑΤΡΑ
|b ΒΚΠ
|b ΒΣ1
|k ΑΣΧΞ
|h 003 NIC
|m 122786
|p 025000239135
|t 3
|
| 852 |
|
|
|a GR-PaULI
|b ΠΑΤΡΑ
|b ΦΥΣΙΚΟ
|k ΑΕΧ-1
|h 531.3 NIC
|m 02924
|p 025000018704
|t 1
|
| 942 |
|
|
|2 ddc
|c BK15
|
| 952 |
|
|
|0 0
|1 0
|4 0
|6 003_000000000000000_NIC
|7 0
|9 193744
|a LISP
|b LISP
|c BSC
|d 2016-04-24
|i 10249
|l 0
|o 003 NIC
|p 025000001271
|r 2016-04-24 00:00:00
|t 2
|w 2016-04-24
|y BK15
|
| 952 |
|
|
|0 0
|1 0
|4 0
|6 003_000000000000000_NIC
|7 0
|9 193745
|a LISP
|b LISP
|c BSC
|d 2016-04-24
|i 122786
|l 0
|o 003 NIC
|p 025000239135
|r 2016-04-24 00:00:00
|t 3
|w 2016-04-24
|y BK15
|
| 952 |
|
|
|0 0
|1 0
|4 0
|6 531_300000000000000_NIC
|7 0
|9 193746
|a PHYS
|b PHYS
|d 2016-04-24
|i 02924
|l 0
|o 531.3 NIC
|p 025000018704
|r 2016-04-24 00:00:00
|t 1
|w 2016-04-24
|y BK15
|
| 999 |
|
|
|c 118791
|d 118791
|